[Event "Memorial I.Bocharov"]
[Site "Borisoglebsk (Russia)"]
[Date "2007.02.28"]
[Round "9"]
[White "Korovin Viktor (RUS)"]
[Black "Sinibabnov Nikolai (RUS)"]
[Result "1-0"]
[WhiteElo "2087"]
[BlackElo "1703"]

1.c4 c5 2.Nc3 Nc6 3.Nf3 g6 4.d4 cxd4 5.Nxd4 Bg7 6.Nxc6 bxc6 7.e4 Ba6 8.Be3 Nf6
9.e5 Ng8 10.f4 d5 11.Qa4 Bxc4 12.Bxc4 dxc4 13.Qxc6+ Kf8 14.Qxc4 Rc8 15.Qa6 Nh6
16.Rd1 Qc7 17.Nd5 Qc6 18.Qxc6 Rxc6 19.Nb4 Rc8 20.Bxa7 f6 21.O-O Nf5 22.Rd7 Rc4
23.e6 Bh6 24.Nd5 Re4 25.g4 Nd4 26.Bxd4 Rxd4 27.g5 {#r} 1-0

[Event "Ch Central Region (w) "]
[Site "Tula (Russia)"]
[Date "2007.03.24"]
[Round "8"]
[White "Smolyaninova Marina (RUS)"]
[Black "Kindinova Ekaterina (RUS)"]
[Result "0-1"]
[WhiteElo "1963"]
[BlackElo "2061"]

1.c4 c5 2.Nc3 Nc6 3.e4 e6 4.g3 b6 5.Bg2 Bb7 6.Nge2 d6 7.d3 Be7 8.O-O Nf6 9.f4
a6 10.h3 Qc7 11.Be3 Rc8 12.a3 O-O 13.g4 Rfd8 14.Ng3 Nd4 15.Kh2 b5 16.f5 d5
17.e5 Nd7 18.f6 gxf6 19.cxd5 Nxe5 20.dxe6 Nxe6 21.Be4 Bxe4 22.Ncxe4 Nxd3
23.Qf3 Qe5 24.Kg1 Nd4 25.Bxd4 Rxd4 26.g5 f5 27.Qxf5 Qxf5 28.Rxf5 Nxb2 29.Raf1
Rd1 30.Rxf7 Rxf1+ 31.Rxf1 c4 32.Nf5 Bxa3 33.Nh6+ Kh8 34.Nf7+ Kg7 35.Ne5 Rf8
36.Nf6 c3 37.Nh5+ Kh8 38.g6 c2 39.Nf7+ Rxf7 40.gxf7 Nd1 {#R} 0-1

[Event "It "]
[Site "Belgrade (Yugoslavia)"]
[Date "2007.03.26"]
[Round "1"]
[White "Nenezic Zoran (SRB)"]
[Black "Paulic Branko (SRB)"]
[Result "0-1"]
[WhiteElo "1946"]
[BlackElo "2172"]

1.c4 c5 2.Nc3 Nc6 3.Nf3 g6 4.d4 cxd4 5.Nxd4 Bg7 6.e3 Nf6 7.g3 h5 8.h4 d6 9.Bg2
Bd7 10.O-O O-O 11.b3 a6 12.Bb2 Nxd4 13.exd4 Bc6 14.d5 Bd7 15.Re1 b5 16.cxb5
axb5 17.Qe2 b4 18.Nd1 Re8 19.Ne3 Rb8 20.Nc4 Bb5 21.Rac1 Bh6 22.Rc2 Ng4 23.Qd1
Bxc4 24.bxc4 Qa5 25.Bd4 Bg7 26.Bxg7 Kxg7 27.Qd4+ Nf6 28.Bh3 b3 29.axb3 Qxe1+
{#R} 0-1

[Event "It "]
[Site "Belgrade (Yugoslavia)"]
[Date "2007.03.28"]
[Round "3"]
[White "Nenezic Zoran (SRB)"]
[Black "Popovic Milos (SRB)"]
[Result "1-0"]
[WhiteElo "1946"]
[BlackElo "2419"]

1.c4 c5 2.Nc3 Nc6 3.Nf3 e5 4.e3 Nf6 5.d4 cxd4 6.exd4 exd4 7.Nxd4 Be7 8.g3 d5
9.Nxc6 bxc6 10.Bg2 Be6 11.O-O Qd7 12.Qa4 O-O 13.Bg5 Qb7 14.Bxf6 Bxf6 15.cxd5
cxd5 16.Qa5 Rad8 17.Rad1 Qxb2 18.Nxd5 Bxd5 19.Bxd5 Qb6 20.Qa4 Qc5 21.Qb3 g6
22.Qf3 Kg7 23.h4 Rd6 24.Rd3 Bd4 25.Bb3 Rf6 26.Qg2 Rd8 27.Rf3 Rdd6 28.g4 Rxf3
29.Qxf3 Rf6 30.Qe2 h6 31.Kg2 Qa5 32.f4 Qc7 33.Qe4 Bb6 34.g5 Rf5 35.gxh6+ Kxh6
36.Bd1 Qd8 37.Kg3 Rd5 38.Be2 f5 39.Qf3 Rd7 40.Kh3 Re7 41.Qg2 Qd2 42.Qg5+ {#r}
1-0

[Event "It (open) "]
[Site "Mexico City (Mexico)"]
[Date "2007.05.01"]
[Round "8"]
[White "Rojas Alarcon Julian Antonio (MEX)"]
[Black "Tapie Amione Pablo Adib (MEX)"]
[Result "0-1"]
[WhiteElo "2107"]
[BlackElo "1939"]

1.c4 c5 2.Nc3 Nc6 3.Nf3 e5 4.e3 Nf6 5.a3 Be7 6.Qc2 d6 7.Be2 O-O 8.b3 Re8 9.Bb2
Bf8 10.O-O-O b5 11.cxb5 Nd4 12.exd4 exd4 13.Bd3 dxc3 14.dxc3 d5 15.Ng5 g6
16.h4 Bh6 17.Kb1 Qc7 18.Bc1 c4 19.Nxh7 Kxh7 20.h5 cxd3 21.hxg6+ fxg6 22.Qd2
Kg8 23.Rxh6 Bf5 24.Bb2 Ne4 25.Qe1 d2 26.Qg1 Qg7 27.g4 Qxh6 28.gxf5 Qg5 29.Qh1
Qxf5 30.Ka2 Nxf2 31.Qf1 Nxd1 32.Qxd1 Qd3 33.c4 Re1 {#R} 0-1

[Event "Ch Bosnia & Herzegovina (team)"]
[Site "Vogosca (Bosnia & Herzegovina)"]
[Date "2007.06.07"]
[Round "6"]
[White "Golubovic Boris (CRO)"]
[Black "Berkes Ferenc (HUN)"]
[Result "0-1"]
[WhiteElo "2437"]
[BlackElo "2606"]

{ } 1.c4 c5 2.Nc3 Nc6 3.Nf3 g6 4.e3 Bg7 5.d4 cxd4 { ? } ( 5...d6 6.d5 Na5 7.e4
Nf6 8.h3 O-O 9.Bd3 a6 10.a4 e6 11.O-O exd5 12.cxd5 Re8 13.Re1 Bd7 14.Bf4 Nh5
15.Bxd6 Bxh3 16.Bh2 Bg4 17.e5 Qb6 18.Rb1 Rad8 19.Re4 Bf5 20.Rh4 Bxd3 21.Qxd3
c4 22.Qc2 f5 23.d6 Qc5 24.Rd1 Nc6 25.Rd5 { ...1-0, Khalifman Alexander 2702 -
Miton Kamil 2544 , Bled 2002 Olympiad } ) 6.exd4 d6 7.Be2 { ? } ( 7.d5 Ne5
8.Nxe5 Bxe5 9.Be2 Bg7 10.O-O Nf6 11.Be3 O-O 12.Qd2 a6 13.h3 Bd7 14.Rfe1 Qa5
15.a4 e6 16.dxe6 Bxe6 17.Qxd6 Rac8 18.Bb6 Qg5 19.f4 Qh6 20.Bf3 Bxc4 21.a5 Nh5
22.f5 Qf4 23.Qxf4 Nxf4 24.Bxb7 Rb8 25.Re4 Rxb7 26.Rxc4 Nd3 { ...1-0, Malakhov
Vladimir 2664 - Dvoirys Semen I 2615 , Istanbul 2003 Ch Europe } ) 7...Bg4 {
?/= } 8.d5 ( 8.O-O Nh6 9.d5 Bxf3 10.Bxf3 Ne5 11.Be2 Nf5 12.Bd2 O-O 13.Rc1 a6
14.b4 e6 15.a3 Qh4 16.g3 Qh3 17.Ne4 Nd4 18.f4 Nxe2+ 19.Qxe2 Ng4 20.Ng5 Qh5
21.dxe6 fxe6 22.h3 Bd4+ 23.Kh1 h6 24.Qxe6+ Kh8 25.Qxg4 Qxg4 26.hxg4 hxg5
27.Kg2 Rae8 { ...1-0, Vaganian Rafael A 2650 - Handke Florian 2407 , Germany
2001 Bundesliga 2000/01 } ) 8...Bxf3 9.Bxf3 Bxc3+ ( 9...Ne5 10.Be2 Nf6 11.O-O
O-O 12.b3 Ned7 13.Be3 a6 14.a4 a5 15.Qc2 Nc5 16.Rfe1 Nfd7 17.Bf1 Na6 18.Rab1
Ndc5 19.Qd2 Re8 20.h4 Qd7 21.g3 Qf5 22.Nb5 Ne4 23.Qxa5 Nac5 24.Qb4 Bh6 25.Rb2
Bg7 26.Ra2 Rac8 27.Qa3 Qg4 28.Bf4 Nc3 29.Rc2 { ...1-0, Vaganian Rafael A 2617
- Hausrath Daniel 2413 , Belgium 1999 Ch Belgium (team) 1999/00 } ) 10.bxc3
Ne5 11.Be2 Nf6 { N } ( 11...f5 12.f4 Nd7 13.g4 fxg4 14.Bxg4 Ngf6 15.Be2 Nc5
16.Be3 Qa5 17.Bd4 O-O-O 18.O-O Kb8 19.Qd2 Rhe8 20.Rab1 Nfe4 21.Qc2 e6 22.Rb5
Qa4 23.Qb2 exd5 24.Rb1 Re7 25.Bf3 Rdd7 26.cxd5 Qc4 27.Qg2 Qd3 28.Be2 Qd2
29.R5b2 Qxf4 30.Rf1 Qh6 31.Bg4 { ...1-0, Savchenko Stanislav 2583 - Meulders
Richard 2275 , Antwerpen 1999 It (open) } ) 12.Bh6 Qc8 13.h3 g5 14.Bxg5 Ne4
15.f4 Nxg5 16.fxg5 { ?! } ( 16.fxe5 { !? } 16...dxe5 17.Qd3 f5 18.Qg3 Nf7
19.O-O Qc5+ 20.Rf2 { } ) 16...Qf5 17.Qd2 Rg8 18.h4 h6 19.c5 hxg5 20.cxd6 exd6
21.hxg5 O-O-O 22.O-O-O Qxg5 23.Qxg5 Rxg5 24.g4 Kd7 { ?! } ( 24...Nxg4 { !? }
25.Bxg4+ Rxg4 26.Rdf1 Rg7 27.Kc2 Kc7 28.Rf6 Rd7 { } ) 25.Rd4 Rc8 26.Kd2 Rc5
27.a4 Rg8 28.Rh3 Ke7 29.Kc2 Rgc8 30.Kb3 Kf6 31.c4 Rg8 32.Rf4+ Ke7 33.Rh5 Rcc8
34.a5 Rc5 35.Kb4 Rgc8 36.Re4 R5c7 37.Rh1 Rb8 38.Rf4 b6 39.axb6 Rxb6+ 40.Kc3
Rcb7 41.Ra1 Rb3+ 42.Kd4 Rb2 43.Re4 Kf8 44.Ra6 Rd2+ 45.Ke3 { ?! } ( 45.Kc3 { !?
} 45...Rbb2 46.Bd1 Rb6 47.Rxb6 Rd3+ 48.Kc2 axb6 49.Rxe5 Rxd1 50.Kxd1 dxe5
51.Kd2 f6 52.Kc2 { } ) 45...Rbb2 46.Bf1 Rd1 47.Be2 { ? } ( 47.Rxd6 Re1+ 48.Kd4
Nf3+ 49.Kc3 Rb3+ 50.Kxb3 Nd2+ 51.Kb4 Nxe4 52.Rc6 Rb1+ 53.Ka5 Rxf1 54.d6 { } )
47...Re1 48.Kf2 Nd3+ { -5.50 CAP } {#R} 0-1

[Event "It (open)"]
[Site "Tibor (Czech Republic)"]
[Date "2007.08.03"]
[Round "7"]
[White "Lenc Bohumil (CZE)"]
[Black "Vohnout Pavel (CZE)"]
[Result "0-1"]
[WhiteElo "1930"]
[BlackElo "2082"]

1.c4 c5 2.Nc3 Nc6 3.Nf3 g6 4.e3 Bg7 5.d4 cxd4 6.exd4 d6 7.Be2 Bg4 8.O-O Nf6
9.d5 Bxf3 10.Bxf3 Ne5 11.Be2 O-O 12.Be3 Qc8 13.b3 Qf5 14.f3 h5 15.Rc1 Kh7
16.Qd2 Rh8 17.Nb5 a6 18.Nd4 Qd7 19.h3 Qc8 20.f4 Ned7 21.f5 g5 22.Bxg5 Ne4
23.Qd3 Bxd4+ 24.Qxd4 Nxg5 25.Qh4 f6 26.Qxh5+ Kg7 27.Qg6+ Kf8 28.Bh5 Ne5
29.Rce1 Nxg6 {#R} 0-1

[Event "Cup Kaunas (open)"]
[Site "Kaunas (Lithuania)"]
[Date "2007.08.09"]
[Round "4"]
[White "Jegorovas Aleksandras (LTU)"]
[Black "Kubilius Jonas (LTU)"]
[Result "1-0"]
[WhiteElo "2277"]
[BlackElo "2085"]

1.c4 c5 2.Nc3 Nc6 3.Nf3 b6 4.g3 Bb7 5.Bg2 Nf6 6.O-O g6 7.e4 e5 8.d3 h6 9.Ne1
Bg7 10.f4 d6 11.a3 O-O 12.f5 g5 13.Nc2 a5 14.Kh1 Kh7 15.Bd2 Ne7 16.Qe2 Bc6
17.Rg1 Rh8 18.Nd5 Nexd5 19.cxd5 Ba4 20.Ne3 b5 21.Bf3 b4 22.h4 Bb5 23.Rg2 Kg8
24.Rh2 Rh7 25.Nd1 g4 26.Bxg4 Nxg4 27.Qxg4 Bxd3 28.Qf3 Ba6 29.Nf2 f6 30.g4 Kh8
31.Rg1 Ra7 32.g5 hxg5 33.hxg5 Rxh2+ 34.Kxh2 fxg5 35.Qh5+ Bh6 36.Bxg5 Qf8
37.Bxh6 Rh7 38.Rg6 Be2 39.Qg5 c4 40.Kg3 {#r} 1-0

[Event "Tournament (open)"]
[Site "Janow Lubelski (Poland)"]
[Date "2007.08.30"]
[Round "9"]
[White "Zadlo Maciej (POL)"]
[Black "Czerw Dawid (POL)"]
[Result "1-0"]
[WhiteElo "1832"]
[BlackElo "2088"]

1.c4 c5 2.Nc3 Nc6 3.Nf3 e6 4.g3 Nge7 5.Bg2 g6 6.d3 d5 7.cxd5 exd5 8.O-O Bg7
9.Bg5 f6 10.Bf4 O-O 11.e4 d4 12.Ne2 g5 13.Bc1 b6 14.h4 h6 15.hxg5 hxg5 16.Qb3+
Kh8 17.Kh2 Na5 18.Qc2 Nac6 19.a3 Be6 20.Rh1 Kh7 21.Bxg5 Kg6 22.Bd2 Rh8+ 23.Kg1
Rxh1+ 24.Bxh1 Kf7 25.Nf4 Qd7 26.Nxe6 Qxe6 27.Bg2 Kf8 28.Re1 Rc8 29.Kf1 a5
30.Ke2 f5 31.Kd1 fxe4 32.Rxe4 Qd7 33.Ng5 Ke8 34.Bh3 Qc7 35.Bxc8 Qxc8 36.Qb3
Qf5 37.Qxb6 Kd7 38.Qb7+ Kd8 39.Ne6+ {#r} 1-0

[Event "It (open) "]
[Site "Nuernberg (Germany)"]
[Date "2007.09.06"]
[Round "1"]
[White "Grimm Pascal (GER)"]
[Black "Hetey Laszlo (GER)"]
[Result "0-1"]
[WhiteElo "1855"]
[BlackElo "2359"]

1.c4 c5 2.Nc3 Nc6 3.e3 g6 4.Nf3 Bg7 5.Be2 Nf6 6.O-O O-O 7.d4 cxd4 8.Nxd4 d6
9.Bf3 Ne5 10.Be2 Bd7 11.b3 a6 12.Bb2 Qa5 13.e4 b5 14.Nd5 bxc4 15.Nxe7+ Kh8
16.bxc4 Nxe4 17.Nb3 Qd8 18.Nd5 Re8 19.f4 Nc6 20.Bxg7+ Kxg7 21.Bd3 Nf6 22.Nxf6
Qxf6 23.Kh1 Re3 24.c5 d5 25.Qd2 d4 26.Rae1 Rxe1 27.Rxe1 Be6 28.Bc2 Rd8 29.Na5
Nxa5 30.Qxa5 d3 31.Bd1 d2 32.Rg1 Rd5 33.Bf3 Rd3 34.Qxa6 Qc3 35.c6 Rxf3 {#R}
0-1

[Event "It (open)"]
[Site "Tatranske Zruby (Slovakia)"]
[Date "2007.09.26"]
[Round "6"]
[White "Dovzik Juri (UKR)"]
[Black "Jandecka Tomas (CZE)"]
[Result "1-0"]
[WhiteElo "2375"]
[BlackElo "2202"]

1.c4 c5 2.Nc3 Nc6 3.Nf3 g6 4.e3 Bg7 5.d4 cxd4 6.exd4 d6 7.Be2 Nf6 8.d5 Ne5
9.Nxe5 dxe5 10.O-O h5 11.h3 Bf5 12.Re1 O-O 13.Bf1 b6 14.Rxe5 Ne4 15.Rxe4 Bxc3
16.Re2 Bf6 17.Bf4 Qc8 18.Rc1 Rd8 19.Be5 Bg5 20.Rc3 Qb7 21.Rg3 Bh4 22.Rf3 Bg5
23.Bc3 Rac8 24.Re1 b5 25.Rxf5 gxf5 26.Qxh5 Bf6 27.Bxf6 exf6 28.Re3 f4 29.Qg4+
Kh8 30.Qxf4 Rg8 31.Qh6# 1-0

[Event "Tournament (Elo)"]
[Site "Belaya Kalitva (Russia)"]
[Date "2007.10.17"]
[Round "3"]
[White "Kupriyanov A (RUS)"]
[Black "Grechihin Valery (RUS)"]
[Result "1-0"]
[WhiteElo "2228"]
[BlackElo "2294"]

1.c4 c5 2.Nc3 Nc6 3.Nf3 Nd4 4.e3 Nxf3+ 5.Qxf3 g6 6.Be2 Bg7 7.O-O d6 8.Rb1 Nf6
9.h3 O-O 10.b3 Bf5 11.e4 Bd7 12.Bb2 Bc6 13.d3 Nd7 14.Qe3 e6 15.Nd1 Bxb2
16.Rxb2 e5 17.Nc3 f5 18.f4 exf4 19.Qxf4 Qf6 20.Qc1 Qd4+ 21.Kh1 f4 22.Nd1 Ne5
23.Rxf4 Nxd3 24.Bxd3 Qxd3 25.Nf2 Qd4 26.Rd2 Qe3 27.Rxf8+ Rxf8 28.Qc2 Rf4
29.Re2 Qg3 30.Kg1 Rf6 31.Ng4 Rf8 32.Re3 Qh4 33.Qe2 h5 34.Nh2 Re8 35.Nf3 Qf4
36.Nd2 Re6 37.g3 Qe5 38.Kh2 Qb2 39.a4 a5 40.Kg2 Kg7 41.Kf2 Rf6+ 42.Kg2 Re6
43.Kf1 Qe5 44.Qd3 Rf6+ 45.Ke2 b6 46.Rf3 Re6 47.Re3 Re7 48.Nf3 Qf6 49.Nd2 Bd7
50.h4 Bg4+ 51.Ke1 Qa1+ 52.Qb1 Qe5 53.Qd3 Qf6 54.Qc3 Re5 55.Qd3 Re7 56.Qc3 Qxc3
57.Rxc3 Kf6 58.Kf2 Ke5 59.Ke3 Rf7 60.Rd3 Ke6 61.Rd5 Rf6 62.Rd3 Kf7 63.Rc3 Kg7
64.Rc1 Kh6 65.Rf1 Rxf1 66.Nxf1 Bd1 67.Nd2 g5 68.e5 gxh4 69.exd6 Bg4 70.gxh4
Kg6 71.Ke4 Kf6 72.Kd5 {#r} 1-0

[Event "Cup 28 October"]
[Site "Matanzas (Cuba)"]
[Date "2007.10.29"]
[Round "13"]
[White "Sotolongo Noslen (CUB)"]
[Black "Delgado Hector (CUB)"]
[Result "0-1"]
[WhiteElo "2181"]
[BlackElo "2319"]

1.c4 c5 2.Nc3 Nc6 3.Nf3 e5 4.e4 d6 5.g3 g6 6.Bg2 Bg7 7.d3 Nge7 8.O-O h6 9.a3
Be6 10.Rb1 Qd7 11.b4 b6 12.Re1 O-O 13.Nd2 f5 14.exf5 Bxf5 15.b5 Nd4 16.Bxa8
Rxa8 17.Nce4 Rf8 18.f3 Kh7 19.g4 Be6 20.h3 g5 21.Bb2 Ng6 22.Bxd4 exd4 23.Nf2
Be5 24.Nde4 Qf7 25.Qd2 Nh4 26.Kf1 Nxf3 27.Qd1 Nxe1 28.Kxe1 d5 29.cxd5 Bxd5
30.Qe2 Bf4 31.Kd1 Be3 32.Nh1 c4 33.dxc4 Qf1+ {#R} 0-1

[Event "It (open)"]
[Site "Piestany (Slovakia)"]
[Date "2007.11.17"]
[Round "6"]
[White "Macka Oto (SVK)"]
[Black "Belak Jaroslav (SVK)"]
[Result "1-0"]
[WhiteElo "2044"]
[BlackElo "1896"]

1.c4 c5 2.Nc3 Nc6 3.Nf3 d6 4.d4 cxd4 5.Nxd4 a6 6.e4 Nf6 7.Nxc6 bxc6 8.e5 Ng8
9.exd6 Nf6 10.Qf3 Qxd6 11.Bd3 Bb7 12.O-O Qc7 13.Bc2 e6 14.Bf4 Bd6 15.Bxd6 Qxd6
16.Rad1 Qc7 17.c5 a5 18.Ne4 Nxe4 19.Bxe4 O-O 20.Rd6 Rac8 21.Rfd1 Rfd8 22.Bxh7+
Kf8 23.Bg6 Rxd6 24.cxd6 Qd7 25.Bc2 Kg8 26.Qh5 g6 27.Qg5 Kg7 28.Qxa5 c5 29.Ba4
Bc6 30.Bxc6 Rxc6 31.Qb5 e5 32.Qxc6 {#r} 1-0

[Event "Ch City (1/2 final)"]
[Site "Omsk (Russia)"]
[Date "2007.12.04"]
[Round "3"]
[White "Nevorotov Boris (RUS)"]
[Black "Surovikin Vitaly (RUS)"]
[Result "1-0"]
[WhiteElo "2014"]
[BlackElo "1782"]

1.c4 c5 2.Nc3 Nc6 3.e3 e5 4.Nf3 Nf6 5.d4 cxd4 6.exd4 exd4 7.Nxd4 Qb6 8.Nb3 Be7
9.Be3 Qd8 10.Be2 O-O 11.O-O a6 12.Qd2 d6 13.Rad1 Be6 14.Nd4 Nxd4 15.Qxd4 Qc7
16.b3 Nd7 17.Ne4 Ne5 18.Nxd6 Bf6 19.Qe4 Ng6 20.Qxb7 Qa5 21.Ne4 Be7 22.Rd2 Rab8
23.Qc6 Rfc8 24.Qa4 Qxa4 25.bxa4 Bxc4 26.f3 Bxe2 27.Rxe2 Rc4 28.Ng3 Rbc8 29.a5
Bc5 30.Ne4 Bxe3+ 31.Rxe3 Ra4 32.Nd6 {#r} 1-0

[Event "It (open)"]
[Site "Granada (Spain)"]
[Date "2007.12.08"]
[Round "6"]
[White "Strikovic Aleksa (SRB)"]
[Black "Perez Orelvis (CUB)"]
[Result "1-0"]
[WhiteElo "2551"]
[BlackElo "2421"]

1.c4 c5 2.Nc3 Nc6 3.Nf3 Nd4 4.e3 Nxf3+ 5.Qxf3 g6 6.b3 Bg7 7.Bb2 Nh6 8.h4 d6
9.h5 O-O 10.hxg6 fxg6 11.Qg3 b5 12.cxb5 a6 13.bxa6 d5 14.Rxh6 Bxh6 15.Nxd5
Bxa6 16.Qe5 Bxf1 17.Qh8+ Kf7 18.Qxh7+ Ke6 19.Qxg6+ Kxd5 20.e4# 1-0

[Event "It "]
[Site "Peterhof (Russia)"]
[Date "2008.01.03"]
[Round "1"]
[White "Timofeev Andrei (RUS)"]
[Black "Duzhakov Ilya (RUS)"]
[Result "1-0"]
[WhiteElo "2205"]
[BlackElo "2276"]

1.c4 c5 2.Nc3 Nc6 3.Nf3 g6 4.e3 Bg7 5.d4 cxd4 6.exd4 d6 7.Be2 Bg4 8.Be3 Nf6
9.h3 Bf5 10.d5 Nb8 11.O-O O-O 12.Nd4 Bd7 13.Qd2 a5 14.Rad1 Na6 15.Bd3 Rc8
16.Rfe1 Re8 17.b3 Nc5 18.Bc2 Qb6 19.Ndb5 Qa6 20.a4 b6 21.Re2 Bxb5 22.axb5 Qb7
23.Bd4 Nfd7 24.Bxg7 Kxg7 25.Rde1 Nf6 26.Qd4 Rc7 27.Re3 Qc8 28.f4 Kg8 29.Qxf6
{#r} 1-0

[Event "Tournament (Elo) (b)"]
[Site "Zhukovsky (Russia)"]
[Date "2008.01.13"]
[Round "7"]
[White "Luzhetskiy Yuri (RUS)"]
[Black "Marchukov Dmitry (RUS)"]
[Result "1-0"]
[WhiteElo "2135"]
[BlackElo "2121"]

1.c4 c5 2.Nc3 Nc6 3.Nf3 g6 4.e3 Bg7 5.d4 b6 6.d5 Ne5 7.Nxe5 Bxe5 8.Bd3 d6
9.O-O Nh6 10.e4 Bg7 11.f4 Bd4+ 12.Kh1 Ng4 13.Qe1 O-O 14.h3 Nf6 15.Ne2 e5 16.f5
Nh5 17.f6 Bxb2 18.Bxb2 Nxf6 19.Bc1 Nh5 20.Bh6 Ng7 21.g4 Bd7 22.Rb1 Rb8 23.Kh2
a6 24.Nc3 Rb7 25.Qf2 Qe7 26.Qf6 {#r} 1-0

[Event "Tournament "]
[Site "Buje (Croatia)"]
[Date "2008.01.26"]
[Round "2"]
[White "Milevoj Marko (CRO)"]
[Black "Bulic Josip (CRO)"]
[Result "0-1"]
[WhiteElo "1990"]
[BlackElo "2243"]

1.c4 c5 2.Nc3 Nc6 3.e3 g6 4.d4 cxd4 5.exd4 d6 6.Nf3 Bg7 7.Be2 Qb6 8.Nd5 Qd8
9.O-O Nf6 10.Nxf6+ Bxf6 11.Be3 O-O 12.Qd2 d5 13.Rac1 dxc4 14.d5 Ne5 15.Nxe5
Bxe5 16.Bxc4 b6 17.Rfe1 Qd6 18.g3 Rd8 19.Rcd1 Bb7 20.Bd4 Bxd4 21.Qxd4 e6
22.Re5 a6 23.Qe3 Rd7 24.Bb3 Rad8 25.Re1 exd5 26.Re7 Rxe7 27.Qxe7 Qxe7 28.Rxe7
Bc6 29.Kf1 Rd6 30.Ra7 Kg7 31.Ke1 a5 32.a4 Kf6 33.Kd2 Ke6 34.Ke3 g5 35.Rc7 h5
36.f4 gxf4+ 37.Kxf4 Kf6 38.h4 Bd7 39.Bc2 d4 40.b3 d3 41.Bd1 d2 42.Bxh5 d1=Q
43.Bxd1 Rxd1 44.Rb7 Rd6 {#R} 0-1

[Event "Ch PriFO"]
[Site "Kazan (Russia)"]
[Date "2008.01.29"]
[Round "7"]
[White "Isajevsky Anton (RUS)"]
[Black "Terekhin Anatoly (RUS)"]
[Result "1-0"]
[WhiteElo "2420"]
[BlackElo "2315"]

1.c4 c5 2.Nc3 Nc6 3.Nf3 g6 4.e3 Bg7 5.d4 d6 6.Be2 Nf6 7.O-O O-O 8.d5 Na5 9.a3
Bg4 10.Bd2 Bxf3 11.gxf3 b6 12.Rc1 e5 13.Kh1 h6 14.Rg1 Rc8 15.Bd3 Re8 16.Be1
Re7 17.Ne2 Rb7 18.b4 {#r} 1-0

[Event "Tournament "]
[Site "Petach Tikva (Israel)"]
[Round "2"]
[White "Axelrod Arie (ISR)"]
[Black "Arlinsky Uriel (ISR)"]
[Result "0-1"]
[WhiteElo "2283"]
[BlackElo "2277"]

1.c4 c5 2.Nc3 Nc6 3.Nf3 g6 4.e3 Bg7 5.d4 d6 6.d5 Ne5 7.Nxe5 Bxe5 8.e4 Nf6
9.Bd3 Nh5 10.Ne2 O-O 11.h3 e6 12.O-O exd5 13.exd5 Qh4 14.f4 Bg7 15.Rb1 Re8
16.Qe1 Bd4+ 17.Kh2 Qxe1 18.Rxe1 Bf5 19.Bxf5 gxf5 20.g4 Bf2 21.Rf1 Rxe2 22.gxh5
Bd4+ 23.Kg3 Kg7 24.b4 b6 25.bxc5 bxc5 26.Rb3 Rae8 27.Rff3 Kh6 28.Rf1 Kxh5
29.Kf3 Kh4 30.Rb7 Rh2 {#R} 0-1

[Event "Ch Croatia (team) (2nd league)"]
[Site "Zagreb (Croatia)"]
[Date "2008.03.30"]
[Round "1"]
[White "Milosevic Sanjin (CRO)"]
[Black "Vidovic Sasa (CRO)"]
[Result "0-1"]
[WhiteElo "2131"]
[BlackElo "2315"]

1.c4 c5 2.Nc3 Nc6 3.Nf3 g6 4.d4 cxd4 5.Nxd4 Bg7 6.Nxc6 bxc6 7.Qc2 Nf6 8.e3 O-O
9.Be2 d5 10.O-O Qc7 11.Qa4 Rb8 12.Rd1 Rd8 13.Bf3 Bg4 14.cxd5 Bxf3 15.d6 Rxd6
16.gxf3 Nd5 17.Ne4 Rdd8 18.Rb1 Qd7 19.Bd2 Bxb2 20.Ba5 Rdc8 21.Ng5 Bf6 22.Rxb8
Rxb8 23.e4 Bxg5 24.exd5 Rb5 25.dxc6 Qxc6 26.Bc3 Bf6 27.Bxf6 exf6 28.Rd8+ Kg7
29.Qd1 Qb6 30.Kg2 Rg5+ 31.Kf1 Qa6+ 32.Qd3 Qxa2 33.f4 Qa1+ 34.Ke2 Qb2+ 35.Kf3
Qb7+ 36.Ke3 Qe7+ 37.Kf3 Ra5 38.Rd6 Qb7+ 39.Ke3 Qb4 40.Ke2 Qxf4 41.Rd8 Ra2+
{#R} 0-1

[Event "Tournament (open)"]
[Site "Novosibirsk (Russia)"]
[Date "2008.04.05"]
[Round "1"]
[White "Bragin Mikhail (RUS)"]
[Black "Koroljkov Evgeny (RUS)"]
[Result "0-1"]
[WhiteElo "1813"]
[BlackElo "2113"]

1.c4 c5 2.Nc3 Nc6 3.e3 g6 4.g3 Bg7 5.Ne4 d6 6.Bg2 e5 7.a3 Be6 8.d3 f5 9.Nd2
Nf6 10.Qb3 Qd7 11.Ne2 O-O 12.O-O Kh8 13.Rb1 Rab8 14.Qc2 Nh5 15.f4 exf4 16.exf4
Nf6 17.Nf3 Rfe8 18.b4 Bg8 19.b5 Nd8 20.Bb2 Ng4 21.Bxg7+ Qxg7 22.Qb2 Ne3
23.Rfe1 d5 24.cxd5 Nxg2 25.Kxg2 Qxb2 26.Rxb2 Bxd5 27.Kf2 Nf7 28.Nd2 Nd6 29.Nc3
Bf7 30.Nf3 Kg7 31.Ne5 Rbd8 32.a4 Be6 33.a5 Nf7 34.Nxf7 Kxf7 35.Re3 Rd4 36.b6
a6 37.Ke2 Bd7 38.Rxe8 Bxe8 39.Ke3 Bc6 40.h3 Ke7 41.g4 Bd7 42.g5 Kd6 43.Ne2 Ra4
44.h4 Rxa5 45.d4 Ra3+ 46.Kf2 c4 47.Ng3 c3 48.Rb1 Bc6 49.Ne2 c2 50.Rc1 Be4
51.Ng3 Bd3 52.Ne2 Rb3 53.Ng3 Rxb6 54.h5 Rb1 {#R} 0-1

[Event "It (open)"]
[Site "Differdange (Luxembourg)"]
[Date "2008.05.13"]
[Round "5"]
[White "Bishop Peter (LUX)"]
[Black "Lasinskas Povilas (LTU)"]
[Result "0-1"]
[WhiteElo "1775"]
[BlackElo "2275"]

1.c4 c5 2.Nc3 Nc6 3.e3 e5 4.Be2 g6 5.a3 Bg7 6.Qc2 Nge7 7.h3 O-O 8.b3 d6 9.Bb2
Be6 10.Nf3 f5 {#R} 0-1

[Event "Cup Mayors (open)"]
[Site "Mumbai (India)"]
[Date "2008.05.13"]
[Round "4"]
[White "Himanshu Sharma (IND)"]
[Black "Purushothaman T (IND)"]
[Result "1-0"]
[WhiteElo "2431"]
[BlackElo "2295"]

1.c4 c5 2.Nc3 Nc6 3.Nf3 g6 4.e3 d6 5.Be2 e5 6.d4 Bg7 7.dxe5 dxe5 8.Qxd8+ Nxd8
9.Bd2 f5 10.O-O-O Ne6 11.Nd5 e4 12.Ng1 Nf6 13.Bc3 Kf7 14.h4 h6 15.Nh3 Rd8
16.f3 Nh5 17.Be1 f4 18.Nhxf4 Nhxf4 19.Nxf4 Rxd1+ 20.Bxd1 Nxf4 21.exf4 e3 22.h5
Be6 23.Be2 g5 24.fxg5 hxg5 25.Bc3 Bd4 26.Rf1 Kf6 27.f4 g4 28.Rh1 Rh8 29.g3 b5
30.cxb5 Bd5 31.Rd1 Kf5 32.Bxd4 cxd4 33.Rxd4 Bf3 34.Bd3+ Kf6 35.h6 Re8 36.h7 e2
37.Bxe2 Bxe2 38.a4 Kg6 39.Rd7 Kh6 40.Kd2 Bf3 41.Rxa7 Be4 42.b6 Rd8+ 43.Kc3
Bxh7 44.b4 Be4 45.Re7 Bf3 46.a5 Kg6 47.b7 Kf6 48.Rc7 {#r} 1-0

[Event "Cup Mayors (open)"]
[Site "Mumbai (India)"]
[Date "2008.05.14"]
[Round "5"]
[White "Venkata Ramana J (IND)"]
[Black "Atishay Ajmera (IND)"]
[Result "0-1"]
[WhiteElo "2205"]
[BlackElo "1987"]

1.c4 c5 2.Nc3 Nc6 3.e3 e6 4.d4 d5 5.dxc5 Nf6 6.a3 a5 7.Na4 Be7 8.Rb1 O-O 9.Nb6
Rb8 10.cxd5 exd5 11.Nxc8 Rxc8 12.b4 Ne4 13.Ne2 Bf6 14.f3 Bc3+ 15.Nxc3 Nxc3
16.Qb3 Nxb1 17.Qxb1 axb4 18.axb4 Qh4+ 19.Kd1 Qxb4 20.Qxb4 Nxb4 21.Ba3 Nc6
22.Kc2 Ra8 23.Kb2 Rfe8 24.e4 dxe4 25.fxe4 Rxe4 26.Bd3 Re3 27.Rd1 Ne5 {#R} 0-1

[Event "Tournament "]
[Site "Rio de Janeiro (Brazil)"]
[Date "2008.07.26"]
[Round "7"]
[White "Santos Celso Da Silva (BRA)"]
[Black "Chauca Jose (PER)"]
[Result "1-0"]
[WhiteElo "2134"]
[BlackElo "2185"]

1.c4 c5 2.Nc3 Nc6 3.Nf3 g6 4.e3 Bg7 5.d4 cxd4 6.exd4 d6 7.Be2 Nf6 8.d5 Nb8
9.O-O O-O 10.Nd4 a6 11.Be3 e5 12.dxe6 fxe6 13.Qd2 Qc7 14.Rad1 Rd8 15.Rfe1 Nc6
16.f4 Bd7 17.Bf3 Nxd4 18.Bxd4 Qxc4 19.Bb6 d5 20.Bxd8 Rxd8 21.Kh1 b5 22.Rc1 Qb4
23.Ne4 Qe7 24.Nc5 Bc8 25.Nd3 Qd6 26.Ne5 Bb7 27.Qa5 Ne8 28.b3 Bh6 29.Nd3 Rb8
30.Bg4 Ng7 31.Qc7 Qf8 32.Bxe6+ Kh8 33.Bc8 Rxc8 34.Qxb7 Rd8 35.Rc7 Qf5 36.Ne5
Bxf4 37.Nf7+ Kg8 38.Nxd8 Bxc7 39.Qxc7 Qf2 40.Qe7 h5 41.Qe2 Qf6 42.Ne6 Nf5
43.Nf4 Kg7 44.Nxd5 Qh4 45.Kg1 Qd4+ 46.Ne3 a5 47.Kh1 Nd6 48.Nc2 Qf4 49.Qe7+ Nf7
{#r} 1-0